000 005690000a22001810004500
003 MACL
005 20160512120040.0
008 160512b xxu||||| |||| 00| 0 eng d
040 _aMACL
_cMACL
041 _aHindi
082 _a891.431 PAN
100 _aपांडेय, चन्‍द्रा
_956251
245 _aआकाश कहॉ है
_cचन्‍द्रा पांडेय
260 _bआनन्‍द प्रकाशन
_c2001
_aकलकत्‍ता
350 _a150
650 _aPoetry
_956252
942 _cHIN
_k800/PAN/P
_2ddc
999 _c18900
_d18900